Faculty of Law Library — Cairo University

Official Online Catalog

I Diritti dell'Uomo nel Mediterraneo / (Record no. 70663)

MARC details
000 -LEADER
fixed length control field 01052nam a2200313 i 4500
003 - CONTROL NUMBER IDENTIFIER
control field EG-GICUC
005 - DATE AND TIME OF LATEST TRANSACTION
control field 20260413192118.0
008 - FIXED-LENGTH DATA ELEMENTS--GENERAL INFORMATION
fixed length control field 260413r1993 it ||||fr|||| 000 0 ita d
040 ## - CATALOGING SOURCE
Original cataloging agency EG-GiCUC
Language of cataloging eng
Transcribing agency EG-GiCUC
Modifying agency EG-GiCUC
Description conventions rda
041 ## - LANGUAGE CODE
Language code of text/sound track or separate title ita
082 04 - DEWEY DECIMAL CLASSIFICATION NUMBER
Edition number 21
Classification number 341.48
Item number ZA . D
092 04 - LOCALLY ASSIGNED DEWEY CALL NUMBER (OCLC)
Edition number 21
099 ## - LOCAL FREE-TEXT CALL NUMBER (OCLC)
Classification number Law1 11 341.48 ZA . D 1993
100 1# - MAIN ENTRY--PERSONAL NAME
Personal name Zanghì,Claudio
Relator term Author.
245 10 - TITLE STATEMENT
Title I Diritti dell'Uomo nel Mediterraneo /
Statement of responsibility, etc. Claudio Zanghì.
246 1# - VARYING FORM OF TITLE
Title proper/short title Human Rights in the Mediterranean Area
246 1# - VARYING FORM OF TITLE
Title proper/short title Les Droits de l'Homme dans la Méditerranée
264 01 - PRODUCTION, PUBLICATION, DISTRIBUTION, MANUFACTURE, AND COPYRIGHT NOTICE
Place of production, publication, distribution, manufacture Messina:
Name of producer, publisher, distributor, manufacturer Centro Internazionale Di Ricerche E Studi Sociologici, Penali E Penitenziari,
Date of production, publication, distribution, manufacture, or copyright notice 1993.
300 ## - PHYSICAL DESCRIPTION
Extent 654 Pages;
Dimensions 24 cm.
336 ## - CONTENT TYPE
Source rda content
Content type term text
337 ## - MEDIA TYPE
Source rda media
Media type term Computer
338 ## - CARRIER TYPE
Source rda carrier
Carrier type term Online Resource
546 ## - LANGUAGE NOTE
Language note Text in Italian
650 1# - SUBJECT ADDED ENTRY--TOPICAL TERM
Topical term or geographic name entry element Diritto Internazionale Pubblico
650 1# - SUBJECT ADDED ENTRY--TOPICAL TERM
Topical term or geographic name entry element Diritti Umani
856 40 - ELECTRONIC LOCATION AND ACCESS
Uniform Resource Identifier <a href="https://fll.law.cu.edu.eg/fulltext/bks/B11-09750.pdf">https://fll.law.cu.edu.eg/fulltext/bks/B11-09750.pdf</a>
905 ## - Cataloger and Reviser Names
Cataloger Name: Logain Ashraf
942 ## - ADDED ENTRY ELEMENTS (KOHA)
Source of classification or shelving scheme Dewey Decimal Classification
Koha item type Books
Edition 21
Suppress in OPAC No
Holdings
Withdrawn status Lost status Source of classification or shelving scheme Damaged status Not for loan Collection Home library Current library Date acquired Source of acquisition Total checkouts Full call number Barcode Date last seen Copy number Price effective from Koha item type
    Dewey Decimal Classification   Not for loan القانون الدولي العام جــــامعة القــاهرة مكتبة كلية الحقوق - المبنى الرئيسي 13.04.2026 إهداء مكتبة الأستاذ الدكتور صلاح عامر   Law1 11 341.48 ZA . D 1993 1109750 C1 B11-09750 13.04.2026 1 13.04.2026 Books

© All rights reserved — Faculty of Law, Cairo University